000 00479pab a2200181 454500
008 180718b2014 xxu||||| |||| 00| 0 eng d
100 _aRaghavan, Vikram
245 _aIndia's constitutional historian: Granville Austin (1927-2014)
260 _c2014
300 _ap.40-43.
362 _a13 Sep
650 _aAustin, Granville
650 _aIndia - Constitutions
650 _aConstitutions
773 _aEconomic and Political Weekly
908 _aN
909 _a105731
999 _c105726
_d105726